000 00783nam a2200217Ii 4500
003 JO-AjNU
008 230605s9999||||xx |||||||||||||| ||und||
017 _a2010/10/3960
040 _aJO-AjNU
_bara
_erda
_cJO-AjNU
041 _aara
050 1 4 _aHV1279.Z8.I72 2011
100 3 _aتأليف: كنعان، عبدالكريم دسوقي,
_eauthor
_957265
245 0 0 _aجمعية الفاروق الخيرية للايتام / اربد :واقع وطموح
250 _aط1
264 3 1 _aاربد: د.ن، 2011
300 _a448ص
_bيحتوي على ببلوغرافية وملاحق
336 _atext
_btxt
_2rdacontent
337 _aunmediated
_bn
_2rdamedia
338 _avolume
_bnc
_2rdacarrier
650 4 _aالايتام - رعاية - الاردن - اربد
_957266
999 _aA25650
_c29218
_d29218